000 00428 a2200169 4500
260 _bJ.J. Augustin Publisher
300 _aXIV-127 P.
100 _aHERSKOVITS,M.J.
260 _aJ.J.Augustin Publisher
650 _aSOCIOLOGIE
650 _aBENIN
440 _aDahomey: an ancient west Kingdom Volume2
260 _c1938
130 _len
999 _c23737
_d23737